书目信息 |
| 题名: |
李良画集
|
|
| 作者: | 李良 绘 | |
| 分册: | ||
| 出版信息: | 北京 国际文化出版公司 2001 |
|
| 页数: | 67页 | |
| 开本: | 29cm | |
| 丛书名: | 中国美术家丛书 | |
| 单 册: | ||
| 中图分类: | J527 , J222.7 , J222.7 | |
| 科图分类: | ||
| 主题词: | 陶瓷--中国画--中国--现代--画册 , 陶瓷 , 中国画 | |
| 电子资源: | ||
| ISBN: | 7-80105-152-1 | |
| 000 | 00953oam2 2200301 450 | |
| 001 | 1553092082 | |
| 005 | 20170927180647.92 | |
| 010 | @a7-80105-152-1@dCNY38.00 | |
| 100 | @a20020603d2001 em y0chiy0110 ea | |
| 101 | 0 | @achi |
| 102 | @aCN@b110000 | |
| 105 | @aa z 000yd | |
| 200 | 1 | @a李良画集@9li liang hua ji@f(李良绘) |
| 210 | @a北京@c国际文化出版公司@d2001 | |
| 215 | @a67页@d29cm | |
| 225 | 2 | @a中国美术家丛书 |
| 314 | @a李良(1939~),生于河北丰南市,副研究员,原任唐山群众艺术馆美术室主任,河北省美术家协会会员,出版作品《李良画集》。 | |
| 330 | @a本书收录了李良的瓷画作品有:古柳,春风,山涧,绝壁,雪山人家,古道,山中积雪,高原秋色等。 | |
| 461 | 0 | @12001 @a中国美术家丛书 |
| 606 | 0 | @a陶瓷@x中国画@y中国@z现代@j画册 |
| 606 | 0 | @a陶瓷 |
| 606 | 0 | @a中国画 |
| 690 | @aJ527@v5 | |
| 690 | @aJ222.7@v5 | |
| 690 | @aJ222.7@v4 | |
| 701 | 0 | @a李良@9li liang@4绘 |
| 801 | 0 | @aCN@bTSSF@c20150131 |
| 905 | @aZUCC@dJ222.7@eJY149 | |
| 李良画集/(李良绘).-北京:国际文化出版公司,2001 |
| 67页;29cm.-(中国美术家丛书) |
| ISBN 7-80105-152-1:CNY38.00 |
| 本书收录了李良的瓷画作品有:古柳,春风,山涧,绝壁,雪山人家,古道,山中积雪,高原秋色等。 |
| ● |
| 相关链接 |
|
|
|
|
正题名:李良画集
索取号:J222.7/JY149
 
预约/预借
| 序号 | 登录号 | 条形码 | 馆藏地/架位号 | 状态 | 备注 |
| 1 | 7861487 | 278614876 | 学院路分馆/ [索取号:J222.7/JY149] | 在馆 |